Wydarzenia w historii 1990-2024 - Statystyki

Ogólne statystyki
  • Ten quiz został rozwiązany 41 razy
    12 od ostatniego zresetowania
  • Średni wynik to 23 z 37
Statystyki odpowiedzi
Rok Wskazówka Odpowiedź % Poprawnych
1993 Czechosłowacja rozpada się na te dwa państwa Czechy
100%
1997 Ta księżna umiera na wskutek obrażeń odniesionych podczas wypadku samochodowego Diana
100%
2013 Ten papież został wybrany po rezygnacji Benedykta XVI Franciszek
100%
2005 Śmierć tego papieża Jan Paweł II
100%
2020 Wybucha ta pandemia pochodząca z Chin Koronawirus
100%
2014 Rosja zajmuje ten półwysep wcześniej należący do Ukrainy Krym
100%
1993 Czechosłowacja rozpada się na te dwa państwa Słowacja
100%
2022 Władimir Putin wydaje oddziałom rosyjskim rozkaz ataku na to państwo Ukraina
100%
2002 To państwo wygrywa mundial 2002 Brazylia
88%
2017 Ta kontrowersyjna gwiazda zostaje prezydentem USA Donald Trump
88%
2003 Stany Zjednoczone wypowiadają wojnę temu państwu na Bliskim Wschodzie Irak
88%
1992 Dochodzi do wojny w tym dawnym państwie bałkańskim Jugosławia
88%
2001 Samoloty uderzają w bliźniacze wierze w tym kompleksie World Trade Center
88%
2023 To państwo dołącza do NATO Finlandia
75%
2011 W tym państwie wyspiarskim w Azji Wschodniej dochodzi do tsunami i trzęsienia ziemi Japonia
75%
2018 Powyższy prezydent spotyka się z tym dyktatorem Kim Dzong Un
75%
1999 Ta organizacja międzynarodowa interweniuje w powyższym wydarzeniu NATO
75%
1990 To państwo przyłącza się do RFN NRD
75%
2019 Wybucha pożar tej katedry w Paryżu Notre-Dame
63%
1991 To państwo przestaje istnieć po 69 latach ZSRR
63%
2012 Ten prezydent USA ponownie zostaje wybrany na stanowisko prezydenta Barack Obama
50%
2015 W Afryce Zachodniej wybucha ta epidemia Ebola
50%
2006 Zakończono wojnę pomiędzy Izraelem a tym państwem Liban
50%
2009 Z powodu przedawkowania propofolu umiera ten piosenkarz Michael Jackson
50%
2021 W tym państwie kończy się wojna Afganistan
38%
2010 W Haiti wybucha ta epidemia Cholera
38%
2000 Dochodzi do konfliktu w tej republice autonomicznej Czeczenia
38%
1998 Dochodzi do konfliktu w tym obecnie nieuznawanym państwie Kosowo
38%
2004 Dochodzi do trzęsienia ziemi na tym oceanie a później do tsunami Ocean Indyjski
38%
1996 Ten ssak jako pierwszy zostaje sklonowany Owca Dolly
38%
2016 Dochodzi do krótkiego konfliktu na tym nieuznawanym państwie na terenie Azerbejdżanu (obecnie zlikwidowane) Górski Karabach
25%
2007 Śmierć tego prezydenta RPA w latach 1994-1999 Nelson Mandela
25%
1994 Ekstremiści Hutu dokonują masakry na ludzi z tej grupy etnicznej w Rwandzie Tutsi
25%
2008 Rosja zaatakowała Gruzję w celu wyzwolenia tych dwóch obecnie nieuznawanych państw Abchazja
13%
2024 Reżim tego prezydenta upada w jego państwie Baszar-al-Asad
13%
2008 Rosja zaatakowała Gruzję w celu wyzwolenia tych dwóch obecnie nieuznawanych państw Osetia Południowa
13%
1995 Zostaje wynegocjowany układ pokojowy w tym mieście kończący wojnę w Bośni i Hercegowinie Dayton
0%
Nie znaleziono quizów pasujących do podanych kryteriów
Rozkład punktacji
Procent ludzi z każdym wynikiem
Percentyl według liczby udzielonych odpowiedzi
Twoja historia wyników
Nie rozwiązałeś tego quizu od ostatniego zresetowania